00754nam a22002417a 45000010005000000030006000050050017000110080041000280200018000690400029000870500019001160820012001351000020001472450066001672600036002333000047002695050007003165200079003235210027004025210018004296500037004477000028004847263FISKH20250821142319.0250704b cb ||||| |||| 00| 0 eng d a9780545244381 aFISKHbengcFISKHdFISKH aQL737.R632 B47 a599.37  aBerger, Melvin  aBeavers : Discovering my world / cby Melvin and Gilda Berger aNew York : bScholastic, c2010 a16 pages : bcolor illustrations ; c23 cm aE  aBrief text and pictures portray the characteristics and habits of beavers.8 a270 bLexile estimate 8 aE bRaz-Plus  aAnimalsvNonfiction Land Animals aBerger, Gilda eAuthor